000 00636nam a22002057a 4500
005 20161006171150.0
010 _aENG-116187
020 _a9788186038291
_c250.00
020 _a8186038299
_c250.00
035 _aEN-99719
037 _bDBAD/PUB
082 _a294.551309548
100 _aKomal
245 _aSaivism in South India :
_cby Amrit Kaur Basra
_b(7th A.D. to 11th A.D.) /
260 _aDelhi
_bShree Kala Prakashan
_c2013
270 _a42/43,U.B. Jawahar Nagar
_bDelhi
_e110007
300 _aix,83p.
_c21cm(pbk)
500 _aIncludes bibliographical references
942 _2ddc
_cEN
_h294.551309548
_mKOM
999 _c103917
_d103917